00416nam a2200169Ia 450000500170000000800410001702000180005804100120007608200110008810000140009924500360011325000080014926000280015750000080018565000360019370000170022920240823044941.0240823s9999||||xx |||||||||||||| ||und|| a81-259-1000-X aENGLISH A579 P4 aKumar H D 0aModern Concepts of Microbiology a2nd c2004bVikas Publishing  aYES aMicrobiologybBio Medical Engg. a Swati Kumar